| 000 | 00883nam a22002897a 4500 | ||
|---|---|---|---|
| 001 | 0000899 | ||
| 003 | KOHA_MİRAKIL | ||
| 005 | 20260207001223.0 | ||
| 007 | ta | ||
| 008 | 081212b2001 tu |||gr||||#||||0|tur | | ||
| 020 |
_a9754712042 _cYTL16,335 |
||
| 040 |
_aTR-BiSEU _btur _cTR-BiSEU _erda |
||
| 041 | 0 | _atur | |
| 044 | _ctu | ||
| 050 |
_aG155.T8 _bA46 2001 |
||
| 245 | 0 | _aTurizm terimleri sözlüğü Almanca-Türkçe/Türkçe Almanca. | |
| 264 | 1 |
_aİstanbul : _bFono Yayınları _c2001 |
|
| 300 | _a453 sayfa; 20 cm. | ||
| 336 |
_ametin _btxt _2rdacontent |
||
| 337 |
_aaracısız _bn _2rdamedia |
||
| 338 |
_acilt _bnc _2rdacarrier |
||
| 650 | 0 |
_aTurkish--Dictionaries--German language. _93472 |
|
| 650 | 0 |
_aGerman language--Dictionaries--Turkish. _93473 |
|
| 650 | 0 |
_aTourism--Dictionaries. _93456 |
|
| 650 | 0 |
_aAlman dili--Dictionaries--Turkish. _93474 |
|
| 942 |
_2lcc _cBK |
||
| 999 |
_c894 _d894 |
||